12 capitales du monde aléatoire - Statistiques

Statistiques générales
  • Ce quiz a été pris 276 fois
  • Le résultat moyen est 8 sur 12
Statistiques - réponses
Pays Capitale % Correct
Algérie Alger
100%
Algérie Alger
100%
Pays-Bas Amsterdam
100%
Madagascar Antananarivo
100%
Grèce Athènes
100%
Allemagne Berlin
100%
Suisse Berne
100%
Guinée-Bissau Bissau
100%
Brésil Brasilia
100%
Hongrie Budapest
100%
Argentine Buenos Aires
100%
Danemark Copenhague
100%
Sénégal Dakar
100%
Djibouti Djibouti
100%
Qatar Doha
100%
Irlande Dublin
100%
Finlande Helsinki
100%
Indonésie Jakarta
100%
Ukraine Kiev
100%
Égypte Le Caire
100%
Portugal Lisbonne
100%
Slovénie Ljubljana
100%
Espagne Madrid
100%
Philippines Manille
100%
Mexique Mexico
100%
Uruguay Montevideo
100%
Russie Moscou
100%
Inde New Delhi
100%
Norvège Oslo
100%
Canada Ottawa
100%
France Paris
100%
Corée du Nord Pyongyang
100%
Islande Reykjavik
100%
Italie Rome
100%
République dominicaine Saint-Domingue
100%
Chili Santiago
100%
Corée du Sud Séoul
100%
Bulgarie Sofia
100%
Suède Stockholm
100%
Iran Téhéran
100%
Albanie Tirana
100%
Japon Tokyo
100%
Tunisie Tunis
100%
Tunisie Tunis
100%
Pologne Varsovie
100%
États-Unis Washington
100%
Cameroun Yaoundé
100%
Croatie Zagreb
100%
Colombie Bogota
91%
Liban Beyrouth
89%
Australie Canberra
88%
Vietnam Hanoï
88%
Afghanistan Kaboul
88%
Pérou Lima
88%
Maroc Rabat
88%
Lituanie Vilnius
88%
Éthiopie Addis-Abeba
86%
Arménie Erevan
86%
Malaisie Kuala Lumpur
86%
Yémen Sanaa
86%
Géorgie Tbilissi
86%
République du Congo Brazzaville
83%
Zimbabwe Harare
83%
Israël Jerusalem
83%
Chypre Nicosie
83%
Haïti Port-au-Prince
83%
Afrique du Sud Pretoria
83%
Lettonie Riga
83%
Estonie Tallinn
83%
Autriche Vienne
83%
Nouvelle-Zélande Wellington
83%
Turquie Ankara
80%
République centrafricaine Bangui
80%
Pakistan Islamabad
80%
Saint-Vincent-et-les-Grenadines Kingstown
80%
Gabon Libreville
80%
Chine Pékin
80%
Maroc Rabat
78%
Paraguay Asuncíon
75%
Irak Bagdad
75%
Slovaquie Bratislava
75%
Guatemala Guatemala
75%
Népal Katmandou
75%
Jamaïque Kingston
75%
Cuba La Havane
75%
Biélorussie Minsk
75%
Panama Panama
75%
Taïwan Taipei
75%
Syrie Damas
73%
Kosovo Pristina
73%
Belgique Bruxelles
71%
Équateur Quito
71%
Arabie saoudite Riyad
71%
Ghana Accra
67%
Mali Bamako
67%
Thaïlande Bangkok
67%
Rwanda Kigali
67%
Angola Luanda
67%
Palaos Ngerulmud
67%
Mongolie Oulan-Bator
67%
Libye Tripoli
67%
Guinée Conakry
63%
Bolivie Sucre
63%
Azerbaidjan Bakou
60%
Roumanie Bucarest
60%
Sierra Leone Freetown
60%
Koweït Koweït
60%
Togo Lomé
60%
République tchèque Prague
60%
Antigua-et-Barbuda Saint John's
60%
Liberia Monrovia
57%
São Tomé-et-Principe Sao Tomé
57%
Nigeria Abuja
56%
Bahreïn Manama
56%
Bénin Porto-Novo
56%
Côte d'Ivoire Yamoussoukro
55%
Émirats arabes unis Abu Dhabi
50%
Kazakhstan Astana
50%
Serbie Belgrade
50%
Sainte-Lucie Castries
50%
Botswana Gaborone
50%
Îles Salomon Honiara
50%
Malte La Valette
50%
Oman Mascate
50%
Lesotho Maseru
50%
Somalie Mogadiscio
50%
Comores Moroni
50%
Burkina Faso Ouagadougou
50%
El Salvador San Salvador
50%
Sri Lanka Sri Jayawardenapura Kotte
50%
Ouzbékistan Tachkent
50%
Namibie Windhoek
50%
Barbade Bridgetown
45%
Érythrée Asmara
44%
Gambie Banjul
44%
Maldives Malé
44%
Papouasie-Nouvelle-Guinée Port Moresby
43%
Turkménistan Achgabat
42%
Tanzanie Dodoma
40%
Eswatini Mbabane
40%
Kenya Nairobi
40%
Soudan Khartoum
38%
Belize Belmopan
33%
Venezuela Caracas
33%
Tadjikistan Douchanbé
33%
République démocratique du Congo Kinshasa
33%
Palestine Ramallah
33%
Costa Rica San José
33%
Fidji Suva
33%
Seychelles Victoria
33%
Guinée équatoriale Malabo
30%
Saint-Christophe-et-Niévès Basseterre
29%
Zambie Lusaka
29%
Îles Marshall Majuro
29%
Samoa Apia
25%
Timor oriental Dili
25%
Guyana Georgetown
25%
Malawi Lilongwe
25%
Trinité-et-Tobago Port d'Espagne
25%
Cap-Vert Praia
25%
Dominique Roseau
25%
Honduras Tegucigalpa
25%
Tuvalu Funafuti
22%
Nicaragua Managua
22%
Vanuatu Port-Vila
22%
Bahamas Nassau
20%
Tchad N'Djamena
20%
Maurice Port-Louis
20%
Nauru Yaren
20%
Tonga Nuku'alofa
17%
Kiribati Tarawa-Sud
14%
Micronésie Palikir
13%
Grenade Saint George's
13%
Jordanie Amman
0%
Soudan du Sud Djouba
0%
Burundi Gitega
0%
Mozambique Maputo
0%
Suriname Paramaribo
0%
Liechtenstein Vaduz
0%
Aucun quiz correspondant
Distribution des résultats
% des personnes avec chaque résultat
Percentile par nombre de réponses
Votre historique - résultats
Vous n’avez pas pris ce quiz